[Event "West Wales Open"]
[Site "Swansea"]
[Date "2018.10.19"]
[Round "1"]
[White "Toczek, Grzegorz"]
[Black "Jukes, Sam"]
[Result "0-1"]
[WhiteElo "2318"]
[BlackElo "1998"]
[PlyCount "52"]
[EventDate "2018.10.12"]
[EventType "swiss"]
[EventRounds "5"]
[EventCountry "WLS"]

1. c4 b6 2. Nc3 e6 3. d4 Bb4 4. e4 Ne7 5. Nf3 O-O 6. Bd3 d5 7. exd5 exd5 8.
Bxh7+ Kxh7 9. Ng5+ Kg8 10. Qh5 Bf5 11. O-O Bg6 12. Qf3 Nbc6 13. Rd1 dxc4 14.
Be3 Bxc3 15. bxc3 Nd5 16. Bd2 Qd7 17. h4 Qf5 18. Qg3 Rfe8 19. Qh2 Re2 20. f3
Rae8 21. Ne4 R8xe4 22. fxe4 Qf2+ 23. Kh1 Bxe4 24. Qg1 Qxh4+ 25. Qh2 Bxg2+ 26.
Kg1 Qf2# 0-1

[Event "West Wales Open"]
[Site "Swansea"]
[Date "2018.10.12"]
[Round "1"]
[White "Heap, Gerry"]
[Black "McCarthy, Moss"]
[Result "1-0"]
[WhiteElo "2163"]
[BlackElo "1912"]
[PlyCount "47"]
[EventDate "2018.10.12"]
[EventType "swiss"]
[EventRounds "5"]
[EventCountry "WLS"]

1. Nf3 c5 2. g3 Nc6 3. c4 e5 4. Nc3 f5 5. d3 Be7 6. Bg2 g5 7. Nd5 g4 8. Nd2 Nf6
9. h3 gxh3 10. Bxh3 d6 11. e4 O-O 12. Nxf6+ Rxf6 13. Qh5 f4 14. Bxc8 Rxc8 15.
Qxh7+ Kf8 16. Qh8+ Kf7 17. Qh5+ Rg6 18. gxf4 exf4 19. Nf3 Bf6 20. Qf5 Ne5 21.
Rh7+ Rg7 22. Ng5+ Kg8 23. Rxg7+ Bxg7 24. Qh7+ 1-0

[Event "West Wales Open"]
[Site "Swansea"]
[Date "2018.10.12"]
[Round "1"]
[White "Howells, Chris"]
[Black "Underwood, Jon"]
[Result "0-1"]
[WhiteElo "1904"]
[BlackElo "2114"]
[PlyCount "113"]
[EventDate "2018.10.12"]
[EventType "swiss"]
[EventRounds "5"]
[EventCountry "WLS"]

1. c4 f5 2. Nf3 Nf6 3. g3 g6 4. Bg2 Bg7 5. O-O O-O 6. d3 d6 7. Nc3 e5 8. e4 Nc6
9. Bg5 h6 10. Bxf6 Qxf6 11. Nd5 Qf7 12. Nh4 Bf6 13. Nxf6+ Qxf6 14. exf5 Bxf5
15. Nxf5 Qxf5 16. f4 exf4 17. Rxf4 Qc5+ 18. Kh1 Rxf4 19. gxf4 Rf8 20. Qg4 Qf5
21. Qg3 Ne7 22. Re1 Qf6 23. Bxb7 Qxb2 24. Rxe7 Qxb7+ 25. Kg1 Qb1+ 26. Re1 Qb6+
27. Kg2 Qb2+ 28. Kh3 Qf6 29. Re4 Kg7 30. Qe3 Rf7 31. Kg3 a6 32. Re6 Qf5 33.
Qd4+ Kh7 34. Re8 Rg7 35. Qe4 Qc5 36. Re7 Qg1+ 37. Kh3 Qa1 38. d4 Qf1+ 39. Kg3
Qxc4 40. f5 gxf5+ 41. Rxg7+ Kxg7 42. Qxf5 Qc3+ 43. Kg2 Qd2+ 44. Kf1 Qd1+ 45.
Kg2 Qe2+ 46. Kg1 Qe3+ 47. Kf1 Qxd4 48. Qd7+ Kf6 49. Qxc7 Qa1+ 50. Kg2 Qxa2+ 51.
Kg3 Qb3+ 52. Kg2 Qd5+ 53. Kg3 Qe5+ 54. Kg2 a5 55. Qd8+ Kg6 56. Qc7 Qc5 57. Qe7
0-1

[Event "West Wales Open"]
[Site "Swansea"]
[Date "2018.10.12"]
[Round "1"]
[White "Van Veelen, Thomas"]
[Black "Harris, Calum"]
[Result "0-1"]
[WhiteElo "2094"]
[BlackElo "1889"]
[PlyCount "34"]
[EventDate "2018.10.12"]
[EventType "swiss"]
[EventRounds "5"]
[EventCountry "WLS"]

1. d4 Nf6 2. c4 g6 3. g3 d5 4. Bg2 c6 5. Nf3 Nbd7 6. O-O Ne4 7. Nc3 Ndf6 8. Ne5
Bg7 9. Nxe4 Nxe4 10. cxd5 Qxd5 11. Qd3 f5 12. Bf4 g5 13. Bxg5 Bxe5 14. Bxe7
Kxe7 15. dxe5 Qxe5 16. f3 Rd8 17. Qe3 Qc5 0-1

[Event "West Wales Open"]
[Site "Swansea"]
[Date "2018.10.12"]
[Round "1"]
[White "Phillips, William"]
[Black "Musson, Adam J"]
[Result "1/2-1/2"]
[WhiteElo "1862"]
[BlackElo "2090"]
[PlyCount "105"]
[EventDate "2018.10.12"]
[EventType "swiss"]
[EventRounds "5"]
[EventCountry "WLS"]

1. d4 d5 2. Nf3 Nf6 3. e3 c5 4. c3 Nc6 5. Bd3 g6 6. O-O Bg7 7. Nbd2 O-O 8. dxc5
Nd7 9. e4 Nxc5 10. Bc2 d4 11. cxd4 Nxd4 12. Nxd4 Qxd4 13. Nb3 Nxb3 14. Bxb3
Qxe4 15. Re1 Qb4 16. Qe2 e6 17. Be3 b6 18. Rac1 a5 19. Bc4 Bd7 20. b3 b5 21.
Bd3 Rfc8 22. Bd2 Bc3 23. Rcd1 Be8 24. Be4 Rab8 25. Bxc3 Rxc3 26. g3 Qc5 27. Qd2
b4 28. Qd6 Rc8 29. Qxc5 R8xc5 30. Bd3 Bc6 31. Bc4 Kg7 32. Rd2 Kf6 33. f4 h5 34.
Kf2 a4 35. Re3 axb3 36. axb3 Bd5 37. Rxc3 bxc3 38. Rc2 Ra5 39. Bxd5 exd5 40.
Ke3 Ra3 41. Rxc3 Ra2 42. h4 Ke6 43. Rd3 Rb2 44. Kd4 Kd6 45. Kc3 Rb1 46. Kc2 Ra1
47. b4 Ra8 48. Rb3 d4 49. b5 Rb8 50. b6 Kc6 51. Kd3 Kc5 52. b7 Kd5 53. Rb5+
1/2-1/2

[Event "West Wales Open"]
[Site "Swansea"]
[Date "2018.10.12"]
[Round "1"]
[White "Fathallah, Joe"]
[Black "Burrows, Mike"]
[Result "1-0"]
[WhiteElo "2067"]
[BlackElo "1857"]
[PlyCount "117"]
[EventDate "2018.10.12"]
[EventType "swiss"]
[EventRounds "5"]
[EventCountry "WLS"]

1. d4 d5 2. c4 e6 3. Nc3 Nf6 4. cxd5 exd5 5. Bg5 Be7 6. e3 h6 7. Bh4 O-O 8. Bd3
Nbd7 9. Nge2 Re8 10. Qc2 a6 11. O-O Nf8 12. Rac1 c6 13. f3 Be6 14. e4 c5 15. e5
N6d7 16. Bxe7 Qxe7 17. f4 cxd4 18. Nxd4 Qc5 19. Qf2 g6 20. Ncb5 Qb6 21. Nc7
Rac8 22. Nxe8 Rxe8 23. f5 gxf5 24. Bxf5 Nxe5 25. Bxe6 Nxe6 26. Nxe6 Qxf2+ 27.
Rxf2 Nd3 28. Nc7 Rc8 29. Rfc2 Nxc1 30. Rxc1 Rd8 31. Rc5 d4 32. Rd5 Rc8 33. Rd7
b5 34. Kf2 b4 35. Ke2 a5 36. Kd3 Rb8 37. b3 Rb6 38. Rxd4 Rc6 39. Rc4 Rd6+ 40.
Ke3 Rd1 41. Rc2 Kg7 42. Na6 Re1+ 43. Kd4 Re8 44. Nc5 f6 45. Kc4 Kg6 46. Kb5 Ra8
47. Na6 Kf5 48. Kxa5 Ke4 49. Kb5 f5 50. Nxb4 h5 51. a4 h4 52. Rc4+ Ke3 53. Rxh4
Kf2 54. Rf4+ Kxg2 55. Rxf5 Rb8+ 56. Kc5 Kxh2 57. a5 Kg3 58. a6 Kg4 59. Rf7 1-0

[Event "West Wales Open"]
[Site "Swansea"]
[Date "2018.10.12"]
[Round "1"]
[White "Haigh, Tony"]
[Black "Van Kemenade, Rudy"]
[Result "0-1"]
[WhiteElo "1800"]
[BlackElo "2023"]
[PlyCount "80"]
[EventDate "2018.10.12"]
[EventType "swiss"]
[EventRounds "5"]
[EventCountry "WLS"]

1. d4 d6 2. Nf3 Nf6 3. c4 g6 4. Nc3 Bg7 5. g3 O-O 6. Bg2 Nc6 7. O-O e5 8. Nb5
Qe7 9. dxe5 dxe5 10. Bg5 h6 11. Bd2 a6 12. Nc3 Be6 13. b3 Rad8 14. Qc1 Kh7 15.
e4 Ne8 16. Nd5 Qd7 17. Bc3 Bg4 18. Ne3 Bxf3 19. Bxf3 Nd4 20. Bg4 f5 21. Bd1 f4
22. Ng2 f3 23. Nh4 Qg4 24. Bxd4 exd4 25. Ng2 Qxe4 26. Re1 Qc6 27. Nf4 d3 28.
Re6 Rxf4 29. Rxc6 Re4 30. Bxf3 d2 31. Qxd2 Rxd2 32. Bxe4 bxc6 33. Re1 Nd6 34.
Bxc6 Nf5 35. Re8 Bd4 36. Rc8 Bxf2+ 37. Kg2 Bxg3+ 38. Kf3 Rf2+ 39. Kg4 h5+ 40.
Kg5 Bh4# 0-1

[Event "West Wales Open"]
[Site "Swansea"]
[Date "2018.10.12"]
[Round "1"]
[White "Jones, Ian Robert"]
[Black "Morgans, Justin"]
[Result "1-0"]
[WhiteElo "2006"]
[BlackElo "1769"]
[PlyCount "39"]
[EventDate "2018.10.12"]
[EventType "swiss"]
[EventRounds "5"]
[EventCountry "WLS"]

1. e4 c5 2. Nf3 d6 3. d4 cxd4 4. Nxd4 Nf6 5. Nc3 a6 6. Be3 e6 7. f3 Be7 8. Qd2
Nc6 9. O-O-O Bd7 10. Kb1 b5 11. g4 O-O 12. g5 Ne8 13. Nxc6 Bxc6 14. Ne2 Qc7 15.
Nd4 Qb7 16. h4 a5 17. g6 hxg6 18. h5 e5 19. hxg6 exd4 20. Rh8+ 1-0

[Event "West Wales Open"]
[Site "Swansea"]
[Date "2018.10.13"]
[Round "2"]
[White "Zeidler, Sven P."]
[Black "Van Kemenade, Rudy"]
[Result "1-0"]
[WhiteElo "2238"]
[BlackElo "2023"]
[PlyCount "57"]
[EventDate "2018.10.12"]
[EventType "swiss"]
[EventRounds "5"]
[EventCountry "WLS"]

1. e4 d6 2. d4 Nf6 3. Nc3 e5 4. Nf3 Nbd7 5. Bc4 Be7 6. O-O h6 7. Qe2 c6 8. a4
Qc7 9. h3 Nf8 10. dxe5 dxe5 11. Nh4 g6 12. f4 exf4 13. Bxf4 Qa5 14. Bd2 Be6 15.
Nd5 Qd8 16. Nxe7 Qxe7 17. Bxe6 Nxe6 18. Bc3 Nh5 19. Bxh8 Qxh4 20. Qf2 Qxf2+ 21.
Rxf2 O-O-O 22. Be5 Ng5 23. h4 Nxe4 24. Rxf7 Rd5 25. Bh2 Rd7 26. Raf1 Nhg3 27.
Bxg3 Nxg3 28. Rxd7 Kxd7 29. Rf7+ 1-0

[Event "West Wales Open"]
[Site "Swansea"]
[Date "2018.10.13"]
[Round "2"]
[White "Jukes, Sam"]
[Black "Heap, Gerry"]
[Result "0-1"]
[WhiteElo "1998"]
[BlackElo "2163"]
[PlyCount "84"]
[EventDate "2018.10.12"]
[EventType "swiss"]
[EventRounds "5"]
[EventCountry "WLS"]

1. e4 c5 2. Nf3 d6 3. d4 cxd4 4. Qxd4 a6 5. c4 Nc6 6. Qd1 Nf6 7. Nc3 g6 8. Bd3
Bg7 9. O-O Bg4 10. h3 Bxf3 11. Qxf3 Ne5 12. Qe2 Nxd3 13. Qxd3 O-O 14. Be3 Rc8
15. Rfd1 Qc7 16. Rac1 Qxc4 17. Nd5 Qxd3 18. Nxe7+ Kh8 19. Rxd3 Rxc1+ 20. Bxc1
Nxe4 21. f3 Re8 22. fxe4 Rxe7 23. Rxd6 h6 24. Kf2 Rxe4 25. Rd7 Rc4 26. Bd2 Rd4
27. Rxd4 Bxd4+ 28. Ke2 Bxb2 29. Bxh6 Kh7 30. Be3 b5 31. Kd3 f5 32. g4 Be5 33.
gxf5 gxf5 34. Kc2 Kg6 35. Kb3 Bd6 36. a4 b4 37. a5 f4 38. Bf2 Kf5 39. Kc4 Ke4
40. h4 Kf3 41. Kd5 b3 42. Bd4 Ba3 0-1

[Event "West Wales Open"]
[Site "Swansea"]
[Date "2018.10.13"]
[Round "2"]
[White "Underwood, Jon"]
[Black "Jones, Ian Robert"]
[Result "1/2-1/2"]
[WhiteElo "2114"]
[BlackElo "2006"]
[PlyCount "57"]
[EventDate "2018.10.12"]
[EventType "swiss"]
[EventRounds "5"]
[EventCountry "WLS"]

1. c4 d6 2. Nc3 e5 3. g3 g6 4. Bg2 Bg7 5. e4 Nc6 6. Nge2 f5 7. d3 Nf6 8. O-O
O-O 9. f3 fxe4 10. dxe4 Be6 11. Nd5 Ne7 12. Be3 c6 13. Nxf6+ Bxf6 14. Rc1 d5
15. cxd5 cxd5 16. exd5 Nxd5 17. Bc5 Rf7 18. Qa4 Rc8 19. Bf2 b6 20. Rxc8 Qxc8
21. Rc1 Qd7 22. Qxd7 Rxd7 23. a3 Bg5 24. Rd1 Ne3 25. Rxd7 Bxd7 26. f4 exf4 27.
gxf4 Nxg2 28. fxg5 Bg4 29. Nd4 1/2-1/2

[Event "West Wales Open"]
[Site "Swansea"]
[Date "2018.10.13"]
[Round "2"]
[White "Harris, Calum"]
[Black "Fathallah, Joe"]
[Result "1/2-1/2"]
[WhiteElo "1889"]
[BlackElo "2067"]
[PlyCount "106"]
[EventDate "2018.10.12"]
[EventType "swiss"]
[EventRounds "5"]
[EventCountry "WLS"]

1. e4 e6 2. d4 d5 3. Nd2 Nc6 4. c3 e5 5. exd5 Qxd5 6. Qb3 Nf6 7. Ngf3 Qxb3 8.
Nxb3 Bd6 9. Bb5 exd4 10. Nbxd4 Bd7 11. Nxc6 bxc6 12. Ba4 c5 13. Bxd7+ Kxd7 14.
O-O Rhe8 15. Bd2 Rab8 16. Rab1 Ne4 17. Be3 f5 18. Rfd1 Kc6 19. g3 a5 20. Nd2
Nxd2 21. Rxd2 h6 22. c4 g5 23. Rc2 f4 24. Bd2 Re2 25. Rbc1 a4 26. Bc3 Rxc2 27.
Rxc2 Re8 28. Kg2 g4 29. gxf4 Bxf4 30. f3 h5 31. fxg4 hxg4 32. Rf2 Bd6 33. Rd2
Re4 34. b3 axb3 35. axb3 Re3 36. Rc2 Kd7 37. Kg1 Ke6 38. Kf2 Rh3 39. Re2+ Kd7
40. Be5 Rxb3 41. Bxd6 cxd6 42. Re4 d5 43. Rxg4 dxc4 44. Rxc4 Kd6 45. Rh4 Kd5
46. Ke2 c4 47. Kd2 Kc5 48. Kc2 Kb4 49. Rh8 Rc3+ 50. Kb2 Rf3 51. Rb8+ Kc5 52.
Rh8 Kd4 53. Rd8+ Kc5 1/2-1/2

[Event "West Wales Open"]
[Site "Swansea"]
[Date "2018.10.13"]
[Round "2"]
[White "Jones, Iolo C"]
[Black "Waterfield, John W"]
[Result "1-0"]
[WhiteElo "2225"]
[BlackElo "2026"]
[PlyCount "89"]
[EventDate "2018.10.12"]
[EventType "swiss"]
[EventRounds "5"]
[EventCountry "WLS"]

1. d4 g6 2. e4 Bg7 3. Be2 c5 4. d5 d6 5. Nc3 Nf6 6. Nf3 O-O 7. O-O e6 8. Bg5 h6
9. Bf4 exd5 10. exd5 a6 11. a4 Qc7 12. Nd2 Nbd7 13. Nc4 Ne8 14. Ne4 Ne5 15.
Bxe5 Bxe5 16. Nxe5 dxe5 17. d6 Qd7 18. Qd2 Kg7 19. Qc3 Qf5 20. Bd3 c4 21. Qxc4
Be6 22. Qb4 Bd5 23. Nc5 Qg5 24. Be4 a5 25. Qc3 Bxe4 26. Nxe4 Qf5 27. Rfe1 Rc8
28. Qd3 Qd7 29. Rad1 f5 30. Nc3 Rc6 31. Qb5 e4 32. Qe5+ Kh7 33. Nb5 Rf6 34. Rd2
Re6 35. Qf4 Rc5 36. Red1 g5 37. Qe3 Rce5 38. Qc3 e3 39. fxe3 Rxe3 40. Rd3 f4
41. Qxa5 b6 42. Qc3 Nf6 43. Rxe3 fxe3 44. Re1 Nd5 45. Qd3+ 1-0

[Event "West Wales Open"]
[Site "Swansea"]
[Date "2018.10.13"]
[Round "2"]
[White "Homer, Stephen J"]
[Black "Turner, Joseph David"]
[Result "1-0"]
[WhiteElo "2114"]
[BlackElo "1988"]
[PlyCount "59"]
[EventDate "2018.10.12"]
[EventType "swiss"]
[EventRounds "5"]
[EventCountry "WLS"]

1. e4 e5 2. Nf3 Nc6 3. Bc4 Bc5 4. d3 d6 5. c3 Qf6 6. O-O h6 7. Be3 g5 8. d4 Bb6
9. dxe5 dxe5 10. Bxb6 axb6 11. Ne1 Nce7 12. Na3 c6 13. Bb3 Bd7 14. Nc4 Nc8 15.
Nd3 Be6 16. Ncxe5 Nd6 17. f4 O-O-O 18. Qe2 Rh7 19. Qe3 Kc7 20. f5 Bc8 21. Ng4
Qe7 22. Rae1 Re8 23. Qg3 Kd8 24. Rd1 Qc7 25. Nde5 Ke7 26. Bxf7 Rd8 27. Bxg8
Rxg8 28. Ng6+ Rxg6 29. fxg6 Rg7 30. Qe5+ 1-0

[Event "West Wales Open"]
[Site "Swansea"]
[Date "2018.10.13"]
[Round "2"]
[White "Musson, Adam J"]
[Black "Lewis, David"]
[Result "1-0"]
[WhiteElo "2090"]
[BlackElo "1622"]
[PlyCount "60"]
[EventDate "2018.10.12"]
[EventType "swiss"]
[EventRounds "5"]
[EventCountry "WLS"]

1. Nf3 c5 2. e4 d6 3. d4 cxd4 4. Nxd4 Nf6 5. Nc3 a6 6. h3 e6 7. g4 b5 8. a3 Bb7
9. Bg2 Be7 10. Be3 Qc7 11. Qd2 O-O 12. g5 Nfd7 13. f4 Nc6 14. Nde2 Rac8 15. h4
Rfd8 16. h5 Nf8 17. Ng3 Na5 18. Bf1 Nc4 19. Bxc4 Qxc4 20. Qe2 d5 21. exd5 exd5
22. Nf5 Re8 23. Qxc4 Rxc4 24. O-O Bxg5 25. fxg5 Rg4+ 26. Kh2 d4 27. Bxd4 Rg2+
28. Kh3 Rxg5 29. Kh4 Rg2 30. Rg1 Rh2+ 1-0

[Event "West Wales Open"]
[Site "Swansea"]
[Date "2018.10.13"]
[Round "2"]
[White "Paul, Nathanael"]
[Black "Denham, Colin"]
[Result "1-0"]
[WhiteElo "2090"]
[BlackElo "1617"]
[PlyCount "71"]
[EventDate "2018.10.12"]
[EventType "swiss"]
[EventRounds "5"]
[EventCountry "WLS"]

1. e4 e6 2. d4 d5 3. Nc3 Bb4 4. exd5 Bxc3+ 5. bxc3 exd5 6. Bd3 Be6 7. Rb1 b6 8.
Qf3 Nd7 9. Ne2 Ngf6 10. Bg5 h6 11. Bh4 c5 12. O-O c4 13. Bf5 Bxf5 14. Qxf5 O-O
15. f3 Qe7 16. Rbe1 Qa3 17. Bxf6 Nxf6 18. h4 Rfe8 19. g4 Re7 20. g5 hxg5 21.
hxg5 Nh7 22. Kf2 Qd6 23. Rh1 Qg6 24. Qxg6 fxg6 25. Reg1 Rf8 26. Rg4 Rf5 27. f4
Re4 28. Kf3 Rf8 29. Ng3 Rfxf4+ 30. Rxf4 Nxg5+ 31. Kg4 Re3 32. Kxg5 Rxg3+ 33.
Rg4 Rxc3 34. Re1 Rxc2 35. Kxg6 Rf2 36. Re8+ 1-0

[Event "West Wales Open"]
[Site "Swansea"]
[Date "2018.10.13"]
[Round "2"]
[White "Toczek, Grzegorz"]
[Black "Phillips, William"]
[Result "1-0"]
[WhiteElo "2318"]
[BlackElo "1862"]
[PlyCount "95"]
[EventDate "2018.10.12"]
[EventType "swiss"]
[EventRounds "5"]
[EventCountry "WLS"]

1. e4 e5 2. Nf3 Nc6 3. Bb5 a6 4. Ba4 Nf6 5. O-O Be7 6. Re1 b5 7. Bb3 O-O 8. a4
b4 9. a5 d6 10. d3 Bg4 11. Be3 Nd4 12. Bxd4 exd4 13. Nbd2 Nd7 14. h3 Bxf3 15.
Nxf3 Bf6 16. Qd2 c5 17. Qe2 Ne5 18. Nd2 Bg5 19. Bd5 Ra7 20. Rf1 Ng6 21. g3 Bxd2
22. Qxd2 Ne7 23. Bb3 Nc6 24. Kg2 Kh8 25. Bd5 Ne7 26. Bc4 Qd7 27. Bb3 d5 28.
exd5 Nxd5 29. Qe2 Nf6 30. Rfe1 Qc6+ 31. Qf3 Qxf3+ 32. Kxf3 Re8 33. Rxe8+ Nxe8
34. Re1 Nd6 35. Re5 Rc7 36. Rd5 Nb7 37. Bc4 g6 38. Bxa6 Nxa5 39. b3 Kg7 40. Rd6
Nc6 41. Ke4 Ne7 42. g4 f6 43. f4 h6 44. Bb5 g5 45. f5 Kf8 46. Rxf6+ Kg7 47. Re6
Ra7 48. f6+ 1-0

[Event "West Wales Open"]
[Site "Swansea"]
[Date "2018.10.13"]
[Round "2"]
[White "Haigh, Tony"]
[Black "Van Veelen, Thomas"]
[Result "0-1"]
[WhiteElo "1800"]
[BlackElo "2094"]
[PlyCount "36"]
[EventDate "2018.10.12"]
[EventType "swiss"]
[EventRounds "5"]
[EventCountry "WLS"]

1. d4 d5 2. c4 c6 3. Nf3 Nf6 4. cxd5 cxd5 5. Nc3 Bf5 6. e3 e6 7. Nh4 Bg4 8. Qb3
Qc7 9. h3 Bh5 10. g4 Bg6 11. Nxg6 hxg6 12. Bg2 Nc6 13. Bd2 a6 14. O-O-O Na5 15.
Qc2 Nc4 16. e4 dxe4 17. Nxe4 Rc8 18. Kb1 Na3+ 0-1

[Event "West Wales Open"]
[Site "Swansea"]
[Date "2018.10.13"]
[Round "2"]
[White "McCarthy, Moss"]
[Black "Van Kemenade, Julie"]
[Result "1-0"]
[WhiteElo "1912"]
[BlackElo "1755"]
[PlyCount "103"]
[EventDate "2018.10.12"]
[EventType "swiss"]
[EventRounds "5"]
[EventCountry "WLS"]

1. d4 Nf6 2. c4 e5 3. dxe5 Ng4 4. Bf4 Bb4+ 5. Nc3 Bxc3+ 6. bxc3 Nc6 7. Nf3 Qe7
8. Qd5 f6 9. exf6 Nxf6 10. Qd3 d6 11. e3 O-O 12. Be2 Kh8 13. O-O Nh5 14. Bg5
Qf7 15. Bh4 Bf5 16. Qd5 Qg6 17. Nd4 Be4 18. Qg5 Qxg5 19. Bxg5 Nf6 20. f3 Bg6
21. Ne6 Rf7 22. Nf4 Ne5 23. e4 Re8 24. Nd5 c6 25. Nf4 h6 26. Nxg6+ Nxg6 27. Be3
b6 28. Rad1 d5 29. cxd5 cxd5 30. Bb5 Ree7 31. Bd4 dxe4 32. Bxf6 Rxf6 33. fxe4
Rxf1+ 34. Kxf1 Kg8 35. Rd8+ Kf7 36. Bc4+ Kf6 37. Bd5 Ne5 38. Rf8+ Kg6 39. Ke2
Ng4 40. h3 Nf6 41. Kd3 Nd7 42. Ra8 Nc5+ 43. Kd4 Kg5 44. Rf8 Kh4 45. Rf7 Rxf7
46. Bxf7 Kg3 47. e5 Kxg2 48. e6 Nxe6+ 49. Bxe6 g5 50. Kc4 h5 51. Kb5 Kg3 52.
Ka6 1-0

[Event "West Wales Open"]
[Site "Swansea"]
[Date "2018.10.13"]
[Round "2"]
[White "Morgans, Justin"]
[Black "Howells, Chris"]
[Result "1/2-1/2"]
[WhiteElo "1769"]
[BlackElo "1904"]
[PlyCount "57"]
[EventDate "2018.10.12"]
[EventType "swiss"]
[EventRounds "5"]
[EventCountry "WLS"]

1. e4 e6 2. d4 d5 3. Nd2 Nc6 4. c3 e5 5. Ngf3 exd4 6. Nxd4 Nxd4 7. cxd4 dxe4 8.
Nxe4 Nf6 9. Qe2 Bb4+ 10. Bd2 Bxd2+ 11. Nxd2+ Qe7 12. Qxe7+ Kxe7 13. Bc4 Rd8 14.
Nb3 c6 15. O-O Kf8 16. Rfe1 Bf5 17. Rad1 Bc2 18. Rd2 Bxb3 19. Bxb3 Rd7 20. f3
Rad8 21. Red1 Nd5 22. Kf2 Ke7 23. a3 Rd6 24. Re2+ Re6 25. Re5 Kf6 26. Bxd5 Rxd5
27. Rxd5 cxd5 28. Rc1 Rc6 29. Rxc6+ 1/2-1/2

[Event "West Wales Open"]
[Site "Swansea"]
[Date "2018.10.13"]
[Round "3"]
[White "Heap, Gerry"]
[Black "Zeidler, Sven P."]
[Result "1-0"]
[WhiteElo "2163"]
[BlackElo "2238"]
[PlyCount "119"]
[EventDate "2018.10.12"]
[EventType "swiss"]
[EventRounds "5"]
[EventCountry "WLS"]

1. c4 f5 2. g3 Nf6 3. Bg2 g6 4. Nc3 Bg7 5. d3 O-O 6. e4 d6 7. Nge2 fxe4 8. dxe4
c5 9. O-O Nc6 10. h3 e5 11. Rb1 Be6 12. Nd5 Qd7 13. Kh2 Rf7 14. Be3 Raf8 15. f3
b5 16. cxb5 Nd4 17. Nec3 Nxd5 18. Nxd5 Bxd5 19. exd5 Qxb5 20. f4 Nf5 21. Bd2
Re7 22. b4 c4 23. a4 Qb6 24. Qc2 e4 25. Qxc4 e3 26. Be1 Rfe8 27. Rc1 e2 28. Rf3
Bd4 29. a5 Bg1+ 30. Kh1 Qd4 31. g4 Re4 32. Qxd4 Nxd4 33. Kxg1 Nxf3+ 34. Bxf3
Rxf4 35. Kf2 Ref8 36. Rc3 Rxb4 37. Re3 Rb2 38. Rxe2 Rb3 39. Re3 Rb2+ 40. Kg3
Rc8 41. g5 Rc1 42. Bg4 Rbb1 43. Bf2 Kf8 44. Rf3+ Ke8 45. Bxa7 Rb5 46. Bb6 Rxd5
47. Ra3 Rxg5 48. Kf4 Rxg4+ 49. hxg4 Kd7 50. a6 Rc8 51. a7 Ra8 52. Rc3 h5 53. g5
Ke6 54. Rc7 Rf8+ 55. Ke3 h4 56. Rh7 Kd5 57. Rxh4 Kc6 58. Bd4 Kb7 59. Rh7+ Ka8
60. Rh8 1-0

[Event "West Wales Open"]
[Site "Swansea"]
[Date "2018.10.13"]
[Round "3"]
[White "Fathallah, Joe"]
[Black "Jones, Iolo C"]
[Result "0-1"]
[WhiteElo "2067"]
[BlackElo "2225"]
[PlyCount "142"]
[EventDate "2018.10.12"]
[EventType "swiss"]
[EventRounds "5"]
[EventCountry "WLS"]

1. d4 Nf6 2. c4 e6 3. Nc3 Bb4 4. Qc2 O-O 5. Bg5 h6 6. Bh4 c5 7. dxc5 Bxc5 8.
Nf3 Be7 9. e3 b6 10. Bd3 Na6 11. Qe2 Bb7 12. O-O-O Nc5 13. Bc2 Nfe4 14. Nxe4
Bxe4 15. Bxe4 Nxe4 16. Bxe7 Qxe7 17. Kb1 Rfd8 18. Ne5 Rac8 19. f3 Nf6 20. Rc1
d6 21. Nd3 d5 22. cxd5 Nxd5 23. e4 Nb4 24. Nxb4 Rxc1+ 25. Rxc1 Qxb4 26. Rd1 Rd4
27. a3 Qd6 28. Rxd4 Qxd4 29. Kc2 Qc5+ 30. Kd2 Qd6+ 31. Ke3 Qxh2 32. Kf2 Qe5 33.
Qd2 Qc5+ 34. Kf1 Kh7 35. Qf4 f6 36. b4 Qc3 37. Qg4 Qd3+ 38. Kf2 Qd4+ 39. Kf1
Qe5 40. Kf2 Kg8 41. Qg6 Kf8 42. Qg4 Kf7 43. Ke2 Qb2+ 44. Kd3 Qb3+ 45. Ke2 Qxa3
46. Qh5+ Kf8 47. Qg4 Qa2+ 48. Kd3 Qb3+ 49. Ke2 a5 50. bxa5 bxa5 51. Qh5 Qb6 52.
f4 a4 53. e5 Qb5+ 54. Ke3 a3 55. Qd1 Qb6+ 56. Kf3 fxe5 57. Qa4 Qb7+ 58. Kg3
exf4+ 59. Qxf4+ Kg8 60. Qa4 Qe7 61. Qa8+ Kh7 62. Qe4+ g6 63. Qa8 h5 64. Kf3 Qc5
65. Kf4 Qc4+ 66. Kg3 a2 67. Qa7+ Kh6 68. Qe3+ g5 69. Qa3 Qf4+ 70. Kh3 g4+ 71.
Kh4 g3+ 0-1

[Event "West Wales Open"]
[Site "Swansea"]
[Date "2018.10.13"]
[Round "3"]
[White "Jones, Ian Robert"]
[Black "Homer, Stephen J"]
[Result "1-0"]
[WhiteElo "2006"]
[BlackElo "2114"]
[PlyCount "45"]
[EventDate "2018.10.12"]
[EventType "swiss"]
[EventRounds "5"]
[EventCountry "WLS"]

1. e4 c5 2. Nf3 Nc6 3. b4 Nxb4 4. c3 Nc6 5. d4 d5 6. exd5 Qxd5 7. Na3 Bf5 8.
Bc4 Qe4+ 9. Be3 e6 10. Qb3 O-O-O 11. O-O h6 12. Rfe1 cxd4 13. Bg5 Qxe1+ 14.
Rxe1 hxg5 15. cxd4 Nh6 16. Bb5 Nb4 17. Ne5 f6 18. Qc4+ Kb8 19. Nd7+ Rxd7 20.
Bxd7 Bd6 21. Nb5 Bd3 22. Qxe6 Nf5 23. Qe8+ 1-0

[Event "West Wales Open"]
[Site "Swansea"]
[Date "2018.10.13"]
[Round "3"]
[White "Underwood, Jon"]
[Black "Paul, Nathanael"]
[Result "1-0"]
[WhiteElo "2114"]
[BlackElo "2090"]
[PlyCount "133"]
[EventDate "2018.10.12"]
[EventType "swiss"]
[EventRounds "5"]
[EventCountry "WLS"]

1. c4 c6 2. Nc3 d5 3. e3 Nf6 4. Nf3 Nbd7 5. Qc2 e6 6. b3 Be7 7. Bb2 O-O 8. Be2
b6 9. O-O-O dxc4 10. Bxc4 b5 11. Be2 Nb6 12. Rhg1 a5 13. g4 a4 14. g5 Nfd5 15.
Nxd5 Nxd5 16. Kb1 axb3 17. Qxb3 Qa5 18. Nd4 Bd7 19. Rc1 c5 20. Nxb5 Rfb8 21. a4
Qxa4 22. Qxa4 Rxa4 23. Nc3 Rab4 24. Rc2 Nxc3+ 25. dxc3 R4b6 26. Bc4 Bd6 27. f4
e5 28. Rf2 Bf5+ 29. Kc1 exf4 30. Rgg2 Be4 31. Rg4 Bf5 32. Rgg2 g6 33. exf4 Re8
34. Kd1 Bc7 35. Bd5 Rd8 36. c4 Rb4 37. Bf6 Rb1+ 38. Kd2 Re8 39. Be5 Bxe5 40.
fxe5 Rxe5 41. Re2 Rb2+ 42. Ke1 Rbxe2+ 43. Rxe2 Rxe2+ 44. Kxe2 Kf8 45. Ke3 Ke7
46. Kf4 Bd7 47. Ke5 Bh3 48. Bc6 Bf5 49. h4 Be6 50. Bb5 Bc8 51. Kd5 f5 52. Kxc5
Ke6 53. Kd4 Bd7 54. Ba6 Bc6 55. c5 Bd7 56. Bc4+ Ke7 57. Ke5 Bc6 58. Bg8 Kf8 59.
Bb3 Ke7 60. Bc4 Kd7 61. Bg8 Ke7 62. Bxh7 Kf7 63. h5 gxh5 64. Bxf5 Kg7 65. Be4
Bd7 66. c6 Bc8 67. Bf5 1-0

[Event "West Wales Open"]
[Site "Swansea"]
[Date "2018.10.13"]
[Round "3"]
[White "Harris, Calum"]
[Black "Musson, Adam J"]
[Result "0-1"]
[WhiteElo "1889"]
[BlackElo "2090"]
[PlyCount "70"]
[EventDate "2018.10.12"]
[EventType "swiss"]
[EventRounds "5"]
[EventCountry "WLS"]

1. e4 c6 2. d4 d5 3. Nd2 dxe4 4. Nxe4 Nd7 5. Nf3 Ngf6 6. Ng3 e6 7. c3 Bd6 8.
Bd3 Qc7 9. O-O b6 10. Re1 O-O 11. Bg5 Bb7 12. Qe2 h6 13. Bxf6 Nxf6 14. Ne4 Nxe4
15. Bxe4 Rfd8 16. b4 c5 17. Bxb7 Qxb7 18. bxc5 bxc5 19. Rab1 Qc7 20. dxc5 Qxc5
21. Nd2 Qc7 22. g3 Rac8 23. c4 a5 24. Qe4 Bb4 25. Qf3 Rxd2 26. a3 Be7 27. Rb7
Qd6 28. Reb1 Bf6 29. Ra7 Qc6 30. Qf4 Rcd8 31. Rf1 e5 32. Qf5 Rd1 33. Qh5 Rxf1+
34. Kxf1 Qh1+ 35. Ke2 Qd1+ 0-1